000 00980nam a2200337Ia 4500
003 OSt
005 20220912150713.0
006 a|||||r|||| 00| 0
007 ta
008 220909b |||||||| |||| 00| 0 eng d
020 _a3527288260 (hbd)
024 _a5663
037 _bLibco,
037 _cTextual
040 _aCSL
_beng
_cCSL
041 _aeng
082 _aE5:3,T5, N7
100 _aPretsch Erno
245 0 _aSpectra interpretation of organic compounds
260 _aWeinheim
_bVCH
_c1997
300 _axiii, 175p Includes with CD-ROM
490 _aSpectroscopic techniques: an interactive course
500 _aIncludes bibliographical references; Index 173-175p
650 _a Analytical technique
650 _a Organic compounds
650 _a Spectroscopy
650 _aChemistry
700 _a Clerc Jean Thomas
942 _hE5:3,T5, N7
_cTEXL
_2CC
999 _c53024
_d53024